| 000 | 00654cam a22002293a 4500 | ||
|---|---|---|---|
| 001 | 26132 | ||
| 003 | PGUSA | ||
| 005 | 20140828083549.0 | ||
| 008 | 080726s2008||||xxu|||||s|||||000 | eng d | ||
| 040 |
_aPGUSA _beng |
||
| 042 | _adc | ||
| 050 | 4 | _aSB | |
| 100 | 1 |
_aBailey, L. H. _q(Liberty Hyde), _d1858-1954 |
|
| 245 | 1 | 4 |
_aThe Apple-Tree : _bThe Open Country Books—No. 1 _h[electronic resource] / _cL. H. Bailey |
| 260 |
_bProject Gutenberg, _c2008 |
||
| 506 | _aPublic domain in the USA. | ||
| 516 | _aElectronic text | ||
| 653 | _aApples | ||
| 830 | 0 |
_aProject Gutenberg _v26132 |
|
| 856 | 4 | 0 | _uhttp://www.gutenberg.org/ebooks/26132 |
| 942 | _cEB | ||
| 999 |
_c255387 _d255387 |
||